Responses for show #8307 - Tuesday, January 5, 2021

Brayden Smith game 6.
Originally slated to air 2020-12-22.

Contestants

[<< previous game]

Manisha Munshi, an attorney from San Francisco, California

Molly Fisher, a college student from Berkeley, California

Brayden Smith, a policy intern from Las Vegas, Nevada (whose 5-day cash winnings total $115,798)

[next game >>]

Jeopardy! Round responses

CONDIMENTS
HISTORIC HAPPENINGS
MAPS
A REAL PRIZE
ADVERBS
HER FIRST NO. 1 HIT
    $200 2
ketchup

Brayden
    $200 28
(Brayden: What's the South Pole?)
(Molly: What is Mount Everest?)
[The end-of-round signal sounds.]

the North Pole

BraydenMollyManisha
    $200 12
the alphabet

Molly
    $200 5
Cyndi Lauper

Manisha
    $400 17
honey

Brayden
    $400 27
Hitler

Manisha
    $400 26
(Brayden: What is [*]th?)

June 6

Brayden
    $400 13
Hilton

Brayden
    $400 22
yesterday

Triple Stumper
    $400 6
Barbra Streisand

Manisha
    $600 25
sauerkraut

Molly
    $600 14
disaster zone (area)

Manisha
    $600 4
(Brayden: What's an atlas?)

a road map

Brayden
Triple Stumper
    $600 15
the Nobel Prize in Medicine

Brayden
    $600 21
virtually

Manisha
    $600 7
Katy Perry

Brayden
    $800 24
A.1.

Brayden
    $800 9
(Brayden: What's a heretic?)
(Molly: What's a convert?)

an apostate

BraydenMollyManisha
    $800 3
the Black Sea

Manisha
    $1,600 19
(Alex: Nothing?)
(Brayden: No.)
...
(Brayden: Oh, that type of collections.)

a fashion designer

Brayden
    $800 18
pretty

Brayden
    $800 10
CĂ©line Dion

Manisha
    $1000 23
(Alex: Less than a minute now.)

Cholula

Molly
    $1000 8
(Manisha: What is hajj?)
(Molly: What is a pilgrimage?)

hegira

MollyManisha
Triple Stumper
    $1000 1
Oklahoma

Manisha
    $1000 16
the state fair

Manisha
    $1000 20
(Manisha: What is around?)
(Brayden: What is [**]?)
[Brayden's response was ruled incorrect and the decision was reversed before the Double Jeopardy! Round.]

some (like)

BraydenManisha
    $1000 11
Kelly Clarkson

Triple Stumper

Scores at the first commercial break (after clue 16):

Brayden Molly Manisha
$400 -$1,600 $4,600

Scores at the end of the Jeopardy! Round:

Brayden Molly Manisha
$2,000 -$200 $4,800

Double Jeopardy! Round responses

COLORFUL SCIENCE
NORWEGIANS
FICTIONAL SCHOOLS
OY! IT'S WORDS FROM "O" TO "Y"
(Alex: Each word beginning with an "O" and ending with the letter Y.)
POSSESSION IS 9/10
OF THE LAW
    $400 1
an odyssey

Manisha
    $400 2
banks

Molly
    $800 18
the red shift

Triple Stumper
    $800 26
[The end-of-round signal sounds.]
[NOTE: "a-ha" was lowercased in the clue.]

"Take On Me"

Molly
    $4,000 15
(Manisha: Uh... what is...
(Alex: Hurry!)
(Manisha: A Separate Peace?)
...
(Alex: You had to think of all that stuff falling from above.)

Carrie

Manisha
    $800 3
ossify

Manisha
    $800 24
(Manisha: What is Aliens?)

Ghostbusters

Manisha
Triple Stumper
    $800 25
(Molly: What is a rifle?)

a shotgun

BraydenMolly
    $1200 8
(Brayden: What is kelp?)

green

Brayden
Triple Stumper
    $1200 11
chess

Manisha
    $1200 12
Sweet Valley High

Manisha
    $1200 4
an osprey

Brayden
    $1200 19
Beetlejuice

Manisha
    $1200 9
Housing and Urban Development (HUD)

Brayden
    $1600 7
blue

Manisha
    $1600 23
(Brayden: Oh, gosh. Um... um... uh... who is Wolff?)

(Edvard) Grieg

BraydenMolly
    $1600 13
Ender's Game

Manisha
    $1600 17
Ojibway

Triple Stumper
    $1600 20
Annabelle

Brayden
    $1600 5
racketeering

Brayden
    $2000 6
(Manisha: What is a red dwarf?)
(Brayden: What's a white dwarf?)

a yellow dwarf

BraydenManisha
Triple Stumper
    $2000 22
(Alex: Less than a minute to go.)

Amundsen

Brayden
    $2000 14
(Brayden: What is Eton?)

prep

BraydenManisha
    $2000 16
opacity

Molly
    $2000 21
Jonah Hill

Manisha
    $2,800 10
Selective Service

Brayden

Scores at the end of the Double Jeopardy! Round:

Brayden Molly Manisha
$6,400 $3,800 $10,000

[wagering suggestions for these scores]

Final Jeopardy! Round responses

STATE NAME ORIGINS
(Alex: Charles I and so [*] are the two states.)
MollyWhat are Georgia and ?
$3,799
BraydenWhat are Georgia and _____
$3,601
ManishaWhat are Georgia + Alaba
$2,900
North & South Carolina

Final scores:

Brayden Molly Manisha
$2,799 $1 $7,100
2nd place: $2,000 3rd place: $1,000 New champion: $7,100

Game dynamics:

Coryat scores:

Brayden Molly Manisha
$7,200 $3,800 $14,000
16 R
(including 1 DD),
8 W
(including 1 DD)
7 R,
4 W
20 R,
5 W
(including 1 DD)

Combined Coryat: $25,000

The J! Archive is created by fans, for fans. The Jeopardy! game show and all elements thereof, including but not limited to copyright and trademark thereto, are the property of Jeopardy Productions, Inc. and are protected under law. This website is not affiliated with, sponsored by, or operated by Jeopardy Productions, Inc. Join the discussion at JBoard.tv.